Amap teaches more than just geography (Record no. 62288)

MARC details
000 -CABECERA
campo de control de longitud fija 00530nam a2200217 a 4500
005 - FECHA Y HORA DE LA ÚLTIMA TRANSACCIÓN
campo de control 20210219152848.0
008 - ELEMENTOS DE LONGITUD FIJA--INFORMACIÓN GENERAL
campo de control de longitud fija 991125n 000 0 eng u
035 ## - NÚMERO DE CONTROL DEL SISTEMA
Número de control de sistema UPN01000063778
100 ## - ASIENTO PRINCIPAL--NOMBRE PERSONAL
Nombre de persona Bacheller, Martin A.
222 #0 - TÍTULO CLAVE
Título clave GRADE TEACHER
245 #0 - MENCIÓN DE TÍTULO
Título Amap teaches more than just geography
300 ## - DESCRIPCIÓN FÍSICA
Extensión 56-67
362 ## - FECHAS DE PUBLICACIÓN Y/O DESIGNACIÓN SECUENCIAL
Fecha de publicación y/o designación secuencial 1968 (oct.)
653 0# - TERMINO DE INDIZACION - NO CONTROLADO
Término no controlado AFRICA
653 0# - TERMINO DE INDIZACION - NO CONTROLADO
Término no controlado AUXILIARES AUDIOVISUALES
653 0# - TERMINO DE INDIZACION - NO CONTROLADO
Término no controlado ENSEÑANZA
653 0# - TERMINO DE INDIZACION - NO CONTROLADO
Término no controlado GEOGRAFIA
653 0# - TERMINO DE INDIZACION - NO CONTROLADO
Término no controlado MAPAS
904 ## - ELEMENTOS DE DATOS D LOCAL, LDD (RLIN)
a AC
b 001589
905 ## - TIPO DE MATERIAL
Tipo de material Articulo

No items available.